LEADER 01355cam0-22004691i-450- 001 990000209470403321 005 20060911130541.0 035 $a000020947 035 $aFED01000020947 035 $a(Aleph)000020947FED01 035 $a000020947 100 $a20020821d1936----km-y0itay50------ba 101 1 $aeng$cger 105 $af-------001yy 200 1 $aDifferential and Integral Calculus$fby R. Courant$gtranslated by E. J. McShane 210 $aLondon$cBlackie and Son$d1936 215 $a2 v.$cill.$d22 cm 610 0 $aCalcolo integrale 610 0 $aCalcolo differenziale 610 0 $aTeoria delle funzioni di variabile reale 610 0 $aSerie 610 0 $aIntegrazione e differenziazione 610 0 $aTabelle di integrali 610 0 $aTeoria della misura 610 0 $aFunzioni reali$aTeoria generale 676 $a515 676 $a517.36 676 $a519 700 1$aCourant,$bRichard$0331066 702 1$aMcShane,$bEdward James$f<1904- > 801 0$aIT$bUNINA$gRICA$2UNIMARC 901 $aBK 912 $a990000209470403321 952 $a13 K 03 08$b21224$fFINBC 952 $a14-005.001$b138$fFI1 952 $aMVII-A-66$b0048$fMAS 952 $aMVII-A-67$b0048 a$fMAS 959 $aFINBC 959 $aFI1 959 $aMAS 996 $aDifferential and integral calculus$979664 997 $aUNINA LEADER 01476nam 2200361Ia 450 001 996387133503316 005 20221108065645.0 035 $a(CKB)1000000000618493 035 $a(EEBO)2240906328 035 $a(OCoLC)9920467200971 035 $a(EXLCZ)991000000000618493 100 $a19950918d1611 uy | 101 0 $aeng 135 $aurbn||||a|bb| 200 10$aBy the King$b[electronic resource] $einstructions and directions, giuen by His Maiestie vnder his great seale of England, bearing date the 7 day of February, Anno Dom. 1610 : to the master, and counsell of the court of wardes and liueries 210 $aImprinted at London $cBy Robert Barker, Printer to the Kings most Excellent Maiestie$d[1611] 215 $a[2] leaves 300 $aCaption title. 300 $aImprint from colophon. 300 $aImperfect: tightly bound. 300 $a"Witnesse Our selfe at Westminster, the 7 day of February, in the eight yeere of Our Reigne of England, France and Ireland, and of Scotland the, the foure and fortieth." 300 $aReproduction of original in: Society of Antiquaries. 330 $aeebo-0147 606 $aGuardian and ward$zGreat Britain 607 $aGreat Britain$xHistory$yJames I, 1603-1625 615 0$aGuardian and ward 701 $aJames$cKing of England,$f1566-1625.$01001019 801 2$bUMI 801 2$bWaOLN 906 $aBOOK 912 $a996387133503316 996 $aBy the King$92299281 997 $aUNISA